Estándar de metadatos para conjuntos de datos : (Registro nro. 2818)

Detalles MARC
000 -CABECERA
Campo de control 00816nam a2200241 a 4500
005 - FECHA Y HORA DE LA ULTIMA TRANSACCION
Campo de control 20141003164027.0
008 - ELEMENTOS DE LONGITUD FIJA—INFORMACION GENERAL
Campo de control 140121b2002 ck ||||| |||| 00| 0 spa d
041 ## - IDIOMA
Código de idioma para texto/pista de sonido o título separado Español
044 ## - PAÍS DE PUBLICACIÓN
País de publicación Colombia
090 ## - CLASIFICACIÓN LOCAL
Colección IAvH
Consecutivo 00197
100 1# - ASIENTO PRINCIPAL--NOMBRE PERSONAL
Nombre personal Porras-Rey, Marcela
245 10 - MENCION DE TITULO
Título Estándar de metadatos para conjuntos de datos :
Parte restante del título conjunto de datos recomendado para establecer metadatos de conjuntos de datos
260 ## - PUBLICACION, DISTRIBUCION, ETC. (PIE DE IMPRENTA)
Lugar de publicación, distribución, etc. Villa de Leyva :
Nombre del editor, distribuidor, etc. Instituto Alexander von Humboldt,
Fecha de publicación, distribución, etc. 2002.
300 ## - DESCRIPCION FISICA
Extensión 34 p.
Dimensiones 28 cm.
650 #4 - ASIENTO SECUNDARIO DE MATERIA - TERMINO TEMATICO
Término temático o nombre geográfico como elemento de entrada Metadatos
650 #4 - ASIENTO SECUNDARIO DE MATERIA - TERMINO TEMATICO
Término temático o nombre geográfico como elemento de entrada Conjuntos de datos
650 #4 - ASIENTO SECUNDARIO DE MATERIA - TERMINO TEMATICO
Término temático o nombre geográfico como elemento de entrada Estándares documentales
700 1# - ASIENTO SECUNDARIO - NOMBRE PERSONAL
Nombre personal Porras, Marcela
700 1# - ASIENTO SECUNDARIO - NOMBRE PERSONAL
Nombre personal Bello, Juan Carlos
700 1# - ASIENTO SECUNDARIO - NOMBRE PERSONAL
Nombre personal Franco, Ximena
700 1# - ASIENTO SECUNDARIO - NOMBRE PERSONAL
Nombre personal Villarreal Leal, Hector Fernando
942 ## - ELEMENTOS ADICIONALES (KOHA)
Tipo de ítem Informe Técnico
Sistema de clasificación Local
Existencias
Withdrawn status Lost status Sistema de Clasificación Damaged status No para préstamo Colección Inventariado Ubicación Permanente Ubicación actual Fecha de adquisición Fuente de Valor Total Checkouts Número topográfico Inventario / Código de Barras Date last seen Ejemplar Price effective from Forma de adquisición Tipo de material
    Local     Humboldt Inventariado 2017 Bogotá Bogotá 02/07/2002 CID Humboldt   IAvH-00197 004167 09/08/2024 Ej. 1 04/12/2012 Institucional Informe Técnico